| 000 | 00740nam a2200193 a 4500 | ||
|---|---|---|---|
| 008 | 120910s2008 ||||||||||||||||| || u | ||
| 020 | _a9780071466332 | ||
| 050 | _aRC 46 HAR | ||
| 100 | _aKasper, Dennis L | ||
| 245 | 1 | 0 |
_aHarrison's principles of internal medicine. (17th ed.) _cedited by Anthony S. Fauci [and others] |
| 250 | _a17th ed. | ||
| 260 |
_aNew York: _bMcGraw-Hill _c2008 |
||
| 300 | _axxxvii, various pagings.: ill | ||
| 500 | _aAccompanied by a CD | ||
| 650 | _aINTERNAL MEDICINE | ||
| 700 | _aLongo, Dan L | ||
| 700 | _aFauci, Anthony S | ||
| 995 |
_aMEDICAL LIBRARY OPEN ACCESS _e901815 _FCBU-SCHOOL OF MEDICINE LIBRARY (Ndola) _jOTL RC 46 HAR _M1 _UAVAILABLE _WOct 12, 2012 _y901815 _ZMedical Library Open Access Collection |
||
| 999 |
_c31635 _d31635 |
||